RICS UK Economic Brief October 2006 (Record no. 106575)
[ view plain ]
| 000 -LEADER | |
|---|---|
| fixed length control field | 01069cam a2200229 4500 |
| 001 - CONTROL NUMBER | |
| control field | L136996 |
| 008 - FIXED-LENGTH DATA ELEMENTS--GENERAL INFORMATION | |
| fixed length control field | 070308s2006 xxk f 000 0 eng d |
| 035 ## - SYSTEM CONTROL NUMBER | |
| System control number | (Sirsi) u136996 |
| 041 0# - LANGUAGE CODE | |
| Language code of text/sound track or separate title | eng |
| 050 04 - LIBRARY OF CONGRESS CALL NUMBER | |
| Classification number | 333.33 $2 18 |
| 110 2# - MAIN ENTRY--CORPORATE NAME | |
| Corporate name or jurisdiction name as entry element | Royal Institution of Chartered Surveyors |
| Subordinate unit | Public Affairs |
| 9 (RLIN) | 4679 |
| 245 00 - TITLE STATEMENT | |
| Title | RICS UK Economic Brief October 2006 |
| Remainder of title | robust economic growth raises pressure for interest rate rises into 2007 |
| Medium | [electronic resource] |
| 260 ## - PUBLICATION, DISTRIBUTION, ETC. | |
| Place of publication, distribution, etc. | London |
| Name of publisher, distributor, etc. | RICS |
| Date of publication, distribution, etc. | 2006 |
| 490 #0 - SERIES STATEMENT | |
| Series statement | RICS UK Economic Brief |
| Volume/sequential designation | October 2006 |
| 520 ## - SUMMARY, ETC. | |
| Summary, etc. | Discusses economic activity and inflation rates during the third quarter, and predicts an interest rate hike in November. Predicts interest rates to rise in 2007 due to service sector and industrial production growth, and capacity constraints. |
| 590 ## - LOCAL NOTE (RLIN) | |
| Local note | KA |
| 650 24 - SUBJECT ADDED ENTRY--TOPICAL TERM | |
| Topical term or geographic name entry element | RICS UK ECONOMIC BRIEF |
| 651 #4 - SUBJECT ADDED ENTRY--GEOGRAPHIC NAME | |
| Geographic name | United Kingdom |
| Chronological subdivision | |
| 690 ## - LOCAL SUBJECT ADDED ENTRY--TOPICAL TERM (OCLC, RLIN) | |
| Topical term or geographic name as entry element | PROPERTY-PROPERTY MARKET |
| 856 40 - ELECTRONIC LOCATION AND ACCESS | |
| Uniform Resource Identifier | <a href="https://www.rics.org/Global/Downloads/UKEconomicBrief200610.pdf">https://www.rics.org/Global/Downloads/UKEconomicBrief200610.pdf</a> |
| Public note | View the item free of charge in the RICS Archive |
| 942 ## - ADDED ENTRY ELEMENTS (KOHA) | |
| Suppress in OPAC | 0 |
| Withdrawn status | Lost status | Source of classification or shelving scheme | Damaged status | Not for loan | Home library | Current library | Shelving location | Date acquired | Total Checkouts | Full call number | Barcode | Date last seen | Copy number | Price effective from | Koha item type |
|---|---|---|---|---|---|---|---|---|---|---|---|---|---|---|---|
| Dewey Decimal Classification | Virtual | Virtual | Online | 08/03/2007 | ONLINE PUBLICATION | 136996-2001 | 06/08/2019 | 1 | 06/08/2019 | Book |